Adaptive Triangular Node Controlling Routing ATNCR ( Thesis MS) (Record no. 69082)

MARC details
000 -LEADER
fixed length control field 00397nam a22001217a 4500
100 ## - MAIN ENTRY--AUTHOR NAME
Personal name Kianat Aftab
-- 21MSSE-18
-- Supervisor - Prof. Dr. Mukhtiar Ahmed Memon
245 ## - TITLE STATEMENT
Title Adaptive Triangular Node Controlling Routing ATNCR ( Thesis MS)
260 ## - PUBLICATION, DISTRIBUTION, ETC. (IMPRINT)
Place of publication Nawabshah
Name of publisher QUEST
Year of publication 2025
300 ## - PHYSICAL DESCRIPTION
Number of Pages 86p.
700 ## - ADDED ENTRY--PERSONAL NAME
Personal name Department of Information Technology
942 ## - ADDED ENTRY ELEMENTS (KOHA)
Koha item type Thesis and Dissertation
Holdings
Withdrawn status Lost status Home library Current library Date acquired Accession Number Koha item type
    Research Section Research Section 29/06/2026 MP/98-1439 Thesis and Dissertation
    Research Section Research Section 29/06/2026 MP/98-1440 Thesis and Dissertation